=LDR 00000nam 2200000 4500 =001 INLIS000000000049451 =005 20210202124811 =035 ##$$a 0010-021700000000243 =008 210202################g##########0#ind## =040 ##$$a NBPDMAT =082 ##$$a 338.04 =090 ##$$a 338.04 Set k =100 ##$$a Setiawan =245 1#$$a Pendongkrak ekonomi daerah : $b Kreativitas masyarakat /$c Setiawan =260 ##$$a Surakarta :$b Aryhaeko Sinergi Persada,$c 2014 =300 ##$$a 116 hlm . : $b ilus , ; $c 21 cm =650 #4$$a KEWIRASWASTAAN =084 ##$$a 338.04 SET k =504 ##$$a Bibliografi : hlm .116 =990 ##$$a 21603183 =990 ##$$a 21603184 =990 ##$$a 21603185 =990 ##$$a 21603186 =990 ##$$a 21603187